|
|
|
|
| LEADER |
01456nam a2200289 a 4500 |
| 008 |
090810r20022000enka b 001 0 eng d |
| 020 |
|
|
|a 9780521717403 (pbk.)
|
| 020 |
|
|
|a 9780521888820
|
| 020 |
|
|
|a 0521008522
|
| 040 |
|
|
|a DLC
|c DLC
|d DLC
|
| 082 |
0 |
0 |
|a 421/.5
|2 21
|
| 100 |
1 |
|
|a Roach, Peter
|q (Peter John)
|
| 245 |
1 |
0 |
|a English phonetics and phonology :
|b a self-contained, comprehensive pronunciation course /
|c Peter Roach.
|
| 250 |
|
|
|a 3rd ed.
|
| 260 |
|
|
|a Cambridge ;
|a New York :
|b Cambridge University Press,
|c 2000 [reprinted 2002]
|
| 300 |
|
|
|a xiii, 283 p. :
|b ill. ;
|c 23 cm.
|
| 504 |
|
|
|a Includes bibliographical references and index.
|
| 541 |
1 |
|
|e 00009408
|
| 650 |
|
0 |
|a English language
|x Phonetics.
|
| 650 |
|
0 |
|a English language
|x Phonology.
|
| 650 |
|
0 |
|a English language
|x Study and teaching
|x Foreign speakers.
|
| 852 |
4 |
|
|a Ayesha Abed Library
|j General shelf
|
| 942 |
0 |
0 |
|0 1
|
| 999 |
|
|
|c 8386
|d 8386
|
| 952 |
|
|
|0 0
|1 0
|2 ddc
|4 0
|6 421_500000000000000_ROA_2002
|7 0
|9 9767
|a BRACUL
|b BRACUL
|c GEN
|d 2010-05-05
|l 13
|m 34
|o 421.5 ROA
|p 3010009408
|r 2025-08-19
|s 2025-06-17
|t 1
|w 2010-05-05
|y BK
|
| 952 |
|
|
|0 0
|1 0
|2 ddc
|4 0
|6 421_500000000000000_ROA
|7 0
|9 20771
|a BRACUL
|b BRACUL
|c GEN
|d 2012-07-19
|e Riza Enterprize
|g 455.00
|l 15
|m 97
|o 421.5 ROA
|p 3010025570
|r 2025-10-07
|s 2025-06-24
|t 2
|w 2012-07-19
|y BK
|
| 952 |
|
|
|0 0
|1 0
|2 ddc
|4 0
|6 421_500000000000000_ROA
|7 0
|9 20772
|a BRACUL
|b BRACUL
|c AV
|d 2012-07-19
|e Riza Enterprize
|l 12
|o 421.5 ROA
|p 4010025570
|r 2017-11-09
|s 2017-11-08
|t 1
|w 2012-07-19
|y AV
|